<?xml version="1.0" encoding="UTF-8"?>
<record
    xmlns:xsi="http://www.w3.org/2001/XMLSchema-instance"
    xsi:schemaLocation="http://www.loc.gov/MARC21/slim http://www.loc.gov/standards/marcxml/schema/MARC21slim.xsd"
    xmlns="http://www.loc.gov/MARC21/slim">

  <leader>02367nam a2200361 i 4500</leader>
  <controlfield tag="001">000039356</controlfield>
  <controlfield tag="003">DO-SdBNP</controlfield>
  <controlfield tag="005">20251212082729.0</controlfield>
  <controlfield tag="007">ta</controlfield>
  <controlfield tag="008">130625s1999    dr a          000 0 spa d</controlfield>
  <datafield tag="020" ind1=" " ind2=" ">
    <subfield code="a">8489953171</subfield>
  </datafield>
  <datafield tag="040" ind1=" " ind2=" ">
    <subfield code="a">DO-SdBNP</subfield>
    <subfield code="b">spa</subfield>
    <subfield code="c">BNPHU</subfield>
    <subfield code="e">rda</subfield>
  </datafield>
  <datafield tag="041" ind1=" " ind2=" ">
    <subfield code="a">spa</subfield>
  </datafield>
  <datafield tag="082" ind1=" " ind2="4">
    <subfield code="a">929.6097293</subfield>
    <subfield code="b">E93e 1999</subfield>
    <subfield code="2">22</subfield>
  </datafield>
  <datafield tag="110" ind1="2" ind2=" ">
    <subfield code="a">Banco Central de la Rep&#xFA;blica Dominicana</subfield>
    <subfield code="9">83405</subfield>
  </datafield>
  <datafield tag="245" ind1="1" ind2="0">
    <subfield code="a">Evoluci&#xF3;n del escudo dominicano /</subfield>
    <subfield code="c">edici&#xF3;n, Jos&#xE9; Alc&#xE1;ntara Alm&#xE1;nzar ; ilustraciones Luis Aguasvivas y Roberto Lantigua.</subfield>
  </datafield>
  <datafield tag="250" ind1=" " ind2=" ">
    <subfield code="a">Segunda edici&#xF3;n </subfield>
  </datafield>
  <datafield tag="264" ind1=" " ind2="4">
    <subfield code="a">Santo Domingo :</subfield>
    <subfield code="b">Banco Central de la Rep&#xFA;blica Dominicana,</subfield>
    <subfield code="c">&#xA9;1999.</subfield>
  </datafield>
  <datafield tag="300" ind1=" " ind2=" ">
    <subfield code="a">127 p&#xE1;ginas :</subfield>
    <subfield code="b">ilustraciones ;</subfield>
    <subfield code="c">24 cm.</subfield>
  </datafield>
  <datafield tag="336" ind1=" " ind2=" ">
    <subfield code="a">texto</subfield>
    <subfield code="b">txt</subfield>
    <subfield code="2">rdacontent </subfield>
  </datafield>
  <datafield tag="337" ind1=" " ind2=" ">
    <subfield code="a">sin mediaci&#xF3;n </subfield>
    <subfield code="b">n</subfield>
    <subfield code="2">rdamedia </subfield>
  </datafield>
  <datafield tag="338" ind1=" " ind2=" ">
    <subfield code="a">volumen </subfield>
    <subfield code="b">nc</subfield>
    <subfield code="2">rdacarrier </subfield>
  </datafield>
  <datafield tag="504" ind1=" " ind2=" ">
    <subfield code="a">Bibliograf&#xED;a: p&#xE1;ginas 125-127</subfield>
  </datafield>
  <datafield tag="505" ind1=" " ind2=" ">
    <subfield code="a">Presentaci&#xF3;n, 3 -- Recorrido por la sala de exposici&#xF3;n temporales, 5 -- Himno al escudo nacional, 6 PRIMERA VITRINA -- Armas nacionales, 1844, 7 -- Panel No.1. Armas nacionales, 1844, 7 -- Panel No. 2. Armas nacionales, 1848, 8 -- Panel No.3. Escudo nacional, 1848, 8 -- Panel No.4. Armas nacionales, 1849, 10 -- Panel No.5. Armas nacionales, 1853, 11 -- Panel No.6. Escudo nacional, 1857, 11 -- Panel No.7. Escudo nacional, 1860, 12 -- Panel No.8. Escudo nacional, 1866, 12 -- Panel No.9. Escudo nacional, 1867, 14 -- Panel No.10. Escudo nacional, 1870, 70 -- Panel No.11. Escudo nacional, 1874, 16 -- Panel No.12. Escudo nacional, 18886, 18 -- Panel No.13. Escudo nacional, 1889, 19 -- Panel No.14. Escudo nacional, 1898, 24 -- Panel No.15. Escudo nacional, 1905, 26 -- Serie del escudo, 26 -- Panel No.16. Escudo nacional, 1909, 27 -- Panel No.17. Escudo nacional, 1913, 28 -- Panel No.18. Escudo nacional, 1916, 31 -- Panel No.19. Escudo nacional, 1982, 33 -- Panel No.20. Escudo nacional, 1983, 36 -- SEGUNDA VITRINA -- Escudo nacional, 2010, 38 -- Bibliograf&#xED;a consultada, 41.</subfield>
  </datafield>
  <datafield tag="590" ind1=" " ind2=" ">
    <subfield code="a">Inventariado, 2018/BT</subfield>
  </datafield>
  <datafield tag="650" ind1=" " ind2="4">
    <subfield code="a">Heraldica</subfield>
    <subfield code="z">Rep&#xFA;blica Dominicana</subfield>
    <subfield code="9">11720</subfield>
  </datafield>
  <datafield tag="650" ind1=" " ind2="4">
    <subfield code="a">Divisas (heraldica)</subfield>
    <subfield code="z">Rep&#xFA;blica Dominicana</subfield>
    <subfield code="9">54536</subfield>
  </datafield>
  <datafield tag="700" ind1="1" ind2=" ">
    <subfield code="a">Alc&#xE1;ntara Alm&#xE1;nzar, Jos&#xE9;</subfield>
    <subfield code="d">1946-</subfield>
    <subfield code="e">ed.</subfield>
    <subfield code="9">7018</subfield>
  </datafield>
  <datafield tag="700" ind1="1" ind2=" ">
    <subfield code="a">Aguasvivas, Luis,</subfield>
    <subfield code="e">il.</subfield>
    <subfield code="9">65559</subfield>
  </datafield>
  <datafield tag="700" ind1="1" ind2=" ">
    <subfield code="a">Lantigua, Roberto,</subfield>
    <subfield code="e">il.</subfield>
    <subfield code="9">65560</subfield>
  </datafield>
  <datafield tag="910" ind1=" " ind2=" ">
    <subfield code="a">Control de calidad. MFF</subfield>
  </datafield>
  <datafield tag="942" ind1=" " ind2=" ">
    <subfield code="2">ddc</subfield>
    <subfield code="c">LBS1</subfield>
  </datafield>
  <datafield tag="952" ind1=" " ind2=" ">
    <subfield code="0">0</subfield>
    <subfield code="1">0</subfield>
    <subfield code="2">ddc</subfield>
    <subfield code="5">1</subfield>
    <subfield code="7">0</subfield>
    <subfield code="8">PD</subfield>
    <subfield code="a">BNPHU</subfield>
    <subfield code="b">BNPHU</subfield>
    <subfield code="c">HD</subfield>
    <subfield code="d">2013-06-25</subfield>
    <subfield code="l">0</subfield>
    <subfield code="o">BNPHU PD 929.6097293 E93e 1999</subfield>
    <subfield code="p">39356-10</subfield>
    <subfield code="r">2020-06-25</subfield>
    <subfield code="w">2020-06-25</subfield>
    <subfield code="y">LBS1</subfield>
    <subfield code="Z">No se presta</subfield>
  </datafield>
  <datafield tag="952" ind1=" " ind2=" ">
    <subfield code="0">0</subfield>
    <subfield code="1">0</subfield>
    <subfield code="2">ddc</subfield>
    <subfield code="5">1</subfield>
    <subfield code="7">0</subfield>
    <subfield code="8">PD</subfield>
    <subfield code="a">BNPHU</subfield>
    <subfield code="b">BNPHU</subfield>
    <subfield code="c">HD</subfield>
    <subfield code="d">2013-06-25</subfield>
    <subfield code="l">0</subfield>
    <subfield code="o">BNPHU PD 929.6097293 E93e 1999</subfield>
    <subfield code="p">39356-20</subfield>
    <subfield code="r">2020-06-25</subfield>
    <subfield code="t">e. 2</subfield>
    <subfield code="w">2020-06-25</subfield>
    <subfield code="y">LBS1</subfield>
    <subfield code="Z">No se presta</subfield>
  </datafield>
  <datafield tag="952" ind1=" " ind2=" ">
    <subfield code="0">0</subfield>
    <subfield code="1">0</subfield>
    <subfield code="2">ddc</subfield>
    <subfield code="5">6</subfield>
    <subfield code="7">0</subfield>
    <subfield code="8">DS</subfield>
    <subfield code="a">BNPHU</subfield>
    <subfield code="b">BNPHU</subfield>
    <subfield code="c">HD</subfield>
    <subfield code="d">2021-08-25</subfield>
    <subfield code="e">Donado por Carmen Tejeda</subfield>
    <subfield code="l">0</subfield>
    <subfield code="o">BNPHU DS 929.6097293 E93e 1999</subfield>
    <subfield code="p">2025-13912</subfield>
    <subfield code="r">2025-12-15</subfield>
    <subfield code="t">e. 3</subfield>
    <subfield code="w">2025-12-15</subfield>
    <subfield code="y">LBS1</subfield>
  </datafield>
  <datafield tag="999" ind1=" " ind2=" ">
    <subfield code="c">38846</subfield>
    <subfield code="d">38846</subfield>
  </datafield>
</record>
